| 000 | 00897pam a2200277 a 4500 | ||
|---|---|---|---|
| 001 | 006928600 | ||
| 003 | EG-ScBUE | ||
| 005 | 20221110041552.0 | ||
| 008 | 040728s2003 maubko f 001 0 eng d | ||
| 020 | _a030681286X | ||
| 020 | _a9780306812866 | ||
| 040 |
_aEG-ScBUE _beng _erda _cEG-ScBUE _dEG-ScBUE |
||
| 043 | _ae-it--- | ||
| 082 | 0 | 4 |
_a720.94531 _222 _bRUS |
| 100 | 1 |
_aRuskin, John, _d1819-1900, _eauthor. _935779 |
|
| 245 | 1 | 4 |
_aThe stones of Venice / _cJohn Ruskin ; edited and abridged by J. G. Links. |
| 250 | _aSecond edition. | ||
| 264 | 1 |
_aCambridge, MA : _bDa Capo Press, _c2003. |
|
| 300 |
_a254 pages : _bforms, maps, photographs ; _c21 cm |
||
| 500 | _aIncludes index. | ||
| 650 | 7 |
_aArchitecture _zItaly _zVenice. _2BUEsh _935924 |
|
| 653 |
_bENGARC _cApril2014 |
||
| 655 |
_vReading book _934232 |
||
| 700 | 1 |
_aLinks, J. G., _eeditor. _935925 |
|
| 942 |
_2ddc _k720.94531 RUS _cBB |
||
| 999 |
_c18170 _d18142 |
||